| 000 | 01108cam a2200181 4500 | ||
|---|---|---|---|
| 001 | ##ABS66600 | ||
| 008 | 030410n2003 000 0 eng u | ||
| 035 | _a(Sirsi) u121959 | ||
| 041 | 0 | _aeng | |
| 245 | 0 | 0 | _aMany ways to reach your learning goal |
| 260 | _c2003 | ||
| 490 | 0 |
_aEstates Gazette _v(0314) 5 April 2003, 114-115(2) |
|
| 520 | _aThis "Mainly for students" article on education and training looks at the role of the RICS, its commitment to lifelong learning and its APC programmes for graduates. Highlights the work of the Advantage West Midlands CPD Centre, Young Enterprise and Modern Apprenticeships in providing work-based learning opportunities, links to NVQs, key skills and technical certificates of achievement. Reviews progress on the RICS Certificate in Management Studies which all chartered surveyors qualifying with MRICS designation after 1 September 2004 will be required to achieve. | ||
| 590 | _aABS | ||
| 650 | 2 | 4 | _aRICS CERTIFICATE IN MANAGEMENT STUDIES |
| 690 | _aCAREERS, EDUCATION AND TRAINING-QUALIFICATION ROUTES-ASSESSMENT OF PROFESSIONAL COMPETENCE | ||
| 942 | _n0 | ||
| 999 |
_c72483 _d72483 |
||